000 00330nam a22001457a 4500
020 _a939012026-8
082 _a920
_bALB/E
100 _aMUSK, ELON
245 _aMUSK, ELON
250 _aFIRST EDITION
260 _aKUNNAMKULAM
_bRED ROSE PUBLISHING HOUSE
_c2020
300 _a183
650 _aAUTOBIOGRAPHY
_zKERALA
942 _cBK
999 _c6972
_d6972